Les 10 sportifs les mieux payés de la planète - Statistiques

Statistiques générales
  • Ce quiz a été pris 367 fois
  • Le résultat moyen est 6 sur 10
Statistiques - réponses
Salaire (millions) Sport Sportif % Correct
252 Football Cristiano Ronaldo
99%
130 Football Lionel Messi
98%
128 Basketball Lebron James
89%
105 Football Kylian Mbappe
88%
128 Football Neymar Jr
79%
148 Basketball Stéphane Curry
70%
112 Football Karim Benzema
36%
141 Boxe Tyson Fury
32%
117 Boxe Oleksandr Usyk
11%
102 Golf Jon Rahm
3%
Aucun quiz correspondant
Distribution des résultats
% des personnes avec chaque résultat
Percentile par nombre de réponses
Votre historique - résultats
Vous n’avez pas pris ce quiz